000
00298nam a22001337a 4500
008
170426b xxu||||| |||| 00| 0 eng d
020
_a
9780071751308
041
_a
eng
080
_2
2ND
_a
54
100
_a
12
101
_a
shm
245
_a
CHEMISTRY DEMYSTIFIED
_c
WILLIAMS, L.D
942
_2
udc
_c
BK
999
_c
12048
_d
12048